Nongovernmental organizations in World Bank : Supported projects

Enregistré dans:
Détails bibliographiques
Auteur principal: Gibbs, Christopher
Format: Livre
Langue:Undetermined
Publié: Washington, D.C. The World Bank 1999
Sujets:
Tags: Ajouter un tag
Pas de tags, Soyez le premier à ajouter un tag!
Thư viện lưu trữ: Trung tâm Học liệu Trường Đại học Cần Thơ
LEADER 00704nam a2200205Ia 4500
001 CTU_96594
008 210402s9999 xx 000 0 und d
082 |a 338.90091724 
082 |b G442 
100 |a Gibbs, Christopher 
245 0 |a Nongovernmental organizations in World Bank : 
245 0 |b Supported projects 
245 0 |c Christopher Gibbs, Claudia Fumo, Tyhomas Kuby 
260 |a Washington, D.C. 
260 |b The World Bank 
260 |c 1999 
650 |a The World Bank,Nongovernmental organizations,Economic development projects 
650 |x Developing countries,Developing countries,Developing countries 
904 |i Minh 
980 |a Trung tâm Học liệu Trường Đại học Cần Thơ